Visualizzazione normale
Vista MARC
- Giovanni XXIII
di Personal Name
Records bibliografici associati: 2
001 - CONTROL NUMBER
- control field: 39
003 - CONTROL NUMBER IDENTIFIER
- control field: IT-RoPau
005 - DATE AND TIME OF LATEST TRANSACTION
- control field: 20121123093328.0
008 - FIXED-LENGTH DATA ELEMENTS
- fixed length control field: 121123|| aca||aabn | a|a d
040 ## - CATALOGING SOURCE
- Original cataloging agency: IT-RoPau
- Transcribing agency: IT-RoPau
100 ## - HEADING--PERSONAL NAME
- Personal name: Giovanni XXIII
670 ## - SOURCE DATA FOUND
- Source citation: Work cat.: (IT-RoPau): Giovanni XXIII, Lettera di S.S. Giovanni XXIII alle Religiose, 1962